Tratado general de expropiación por utilidad pública / (Record no. 166560)

MARC details
000 -LEADER
campo de control de longitud fija 00625nam a22001695i 4500
001 - NÚMERO DE CONTROL
campo de control 166560
003 - IDENTIFICADOR DE NÚMERO DE CONTROL
campo de control ES-MaACL
005 - FECHA Y HORA DE LA ÚLTIMA TRANSACCIÓN
campo de control 20230906213345.0
008 - DATOS DE LONGITUD FIJA--INFORMACIÓN GENERAL
campo de control de longitud fija 030410s1879 sp |||| | spa d
040 ## - FUENTE DE CATALOGACIÓN
Centro catalogador/agencia de origen CCPB | B
Lengua de catalogación spa
Centro/agencia transcriptor CCPB | B
100 1# - ENTRADA PRINCIPAL--NOMBRE DE PERSONA
Nombre de persona Tort y Martorell, Javier.
9 (RLIN) 133343
245 10 - MENCIÓN DEL TÍTULO
Título Tratado general de expropiación por utilidad pública /
Mención de responsabilidad, etc. por Javier Tort y Martorell.
260 ## - PUBLICACIÓN, DISTRIBUCIÓN, ETC.
Lugar de publicación, distribución, etc. Barcelona :
Nombre del editor, distribuidor, etc. [s.n.],
Fecha de publicación, distribución, etc. 1879 (
Fabricante establecimiento tipográfico de los Sucesores de N. Ramírez y C.ª)
300 ## - DESCRIPCIÓN FÍSICA
Extensión XIV, 464 p. ;
Dimensiones 24 cm.
650 04 - PUNTO DE ACCESO ADICIONAL DE MATERIA--TÉRMINO DE MATERIA
Término de materia o nombre geográfico como elemento de entrada Expropiación forzosa.
9 (RLIN) 12703
852 ## - LOCALIZACIÓN
Ubicación ES-MaACL
Número de control de estantería C-2396
Nota libre -- Enc. hol.
Holdings
Estatus retirado Estado de pérdida Estado de daño No para préstamo Colección Biblioteca de origen Biblioteca actual Ubicación en estantería Fecha de adquisición Fuente de adquisición Total de préstamos Signatura topográfica completa Código de barras Visto por última vez Precio de reemplazo Tipo de ítem Koha
        Libros del s. XIX Biblioteca del Ateneo de Madrid Biblioteca del Ateneo de Madrid Sala Palomar 17/01/2008     C-2396 1174690 23/02/2023 23/02/2023 Libro impreso antiguo